| 000 | 00975nam a22002537a 4500 | ||
|---|---|---|---|
| 001 | 9002 | ||
| 003 | FISKH | ||
| 005 | 20251114095704.0 | ||
| 008 | 251113b cb ||||| |||| 00| 0 eng d | ||
| 040 |
_aFISKH _beng _cFISKH _dFISKH |
||
| 050 | _aPZ7 | ||
| 082 | _a823 | ||
| 100 |
_aVulliamy, Clara _eAuthor |
||
| 245 |
_aBabybug : _bKim and carrots / _cby Clara Vuliamy |
||
| 260 |
_aPeru : _bCarus Publishing Company , _c1996 |
||
| 300 |
_a20 unnumbered pages : _bcolor illustrations ; _c18 cm |
||
| 505 | _aC | ||
| 520 | _aKim and Carrots is a short, sweet story about a young girl and her beloved stuffed bunny. Together they share playful adventures and quiet moments, celebrating the joy of friendship and imagination. With simple words and charming illustrations, this story is perfect for very young readers. | ||
| 521 | 8 |
_a100
_bLexile estimate |
|
| 521 | 8 |
_aC
_bRaz-Plus |
|
| 650 |
_aChildren picture book _vPainting |
||
| 942 |
_2ddc _cBK _n0 |
||
| 999 |
_c9002 _d9002 |
||